Formula 1 Drivers Venn Diagram - Statistics

General Stats
  • This quiz has been taken 119 times
  • The average score is 5 of 10
Answers on the Map
Answers color-coded by a green-red scale on the quiz's map according to % correct below.
 
Answer Stats
Answer % Correct
Sebastian Vettel
91%
Alberto Ascari
63%
Takuma Sato
61%
James Hunt
59%
Denis Hulme
52%
Didier Pironi
45%
Riccardo Patrese
44%
Jo Siffert
31%
Ronnie Peterson
30%
Ivan Capelli
28%
No matching quizzes found
Score Distribution
Percent of People with Each Score
Percentile by Number Answered
Your Score History
You have not taken this quiz